|
|
|
|
| LEADER |
00000nam a2200000 a 4500 |
| 001 |
vtls001406325 |
| 003 |
SK-MaSNL |
| 005 |
20260301120216.0 |
| 008 |
240314s2000 xo a rd 0 slo |
| 015 |
|
|
|a SNBA2001/06-02220
|
| 020 |
|
|
|a 8096719688
|
| 035 |
|
|
|a SNK000360965
|
| 035 |
|
|
|a urn:nbn:sk:snk-amkmbz
|
| 035 |
|
|
|a urn:nbn:sk:snk-am008dnw
|
| 035 |
|
|
|a F8814FB4-B4F8-4072-A537-19B3FC0D432F
|
| 040 |
|
|
|a SNK
|b slo
|c SNK
|e AACR2
|
| 041 |
0 |
|
|a slo
|
| 044 |
|
|
|a xo
|c SK
|
| 080 |
|
|
|a 929(=854)(100)(091)
|2 1981
|
| 100 |
1 |
|
|a Zrubec, Laco,
|d 1931-2011
|4 aut
|9 150969
|
| 245 |
1 |
0 |
|a Slávni Slováci sveta
|c Laco Zrubec
|
| 260 |
|
|
|a [Trenčín
|b Ivan Štelcer]
|c 2000
|
| 300 |
|
|
|a 195 s.
|b ilustr.
|c 22 cm
|
| 500 |
|
|
|a Vyd. Garmond, Nitra
|
| 500 |
|
|
|a Ilustr. Ivan Pavlisko
|
| 650 |
0 |
7 |
|a Slováci v zahraničí
|x osobnosti významné
|x dejiny
|2 SNK
|9 462370
|
| 650 |
0 |
7 |
|a osobnosti významné
|x Slováci v zahraničí
|x dejiny
|2 SNK
|9 462371
|
| 655 |
|
7 |
|a príručky
|2 SNK
|9 74364
|
| 700 |
1 |
|
|a Pavlisko, Ivan,
|d 1946-
|4 ill
|9 193333
|
| 710 |
0 |
|
|a Garmond Nitra
|4 pbl
|9 462372
|
| 919 |
|
|
|a 80-967196-8-8
|
| 958 |
|
|
|a TL
|
| 958 |
|
|
|a BC
|
| 999 |
|
|
|c 725083
|d 727013
|
| 952 |
|
|
|t P60, <03>, [BOOK], {603}
|a SNK
|b SNK
|y PREZ
|7 0
|p 17A0271827
|o snkSC 104477
|i snkKSP 4758/2001
|0 0
|1 0
|4 0
|d 2001-04-03
|f 1
|l 0
|r 2025-09-25 00:00:00
|w 2026-02-23
|
| 952 |
|
|
|t P60, <04>, [BOOK], {604}
|a SNK
|b SNK
|y VYP
|7 0
|p 17A0271829
|o snkSC 104477 D1
|i snkKSP 4759/2001
|0 0
|1 0
|4 0
|d 2001-04-03
|l 0
|r 2005-01-02 00:00:00
|w 2026-02-23
|